<?xml version="1.0" encoding="UTF-8"?>
<record
    xmlns:xsi="http://www.w3.org/2001/XMLSchema-instance"
    xsi:schemaLocation="http://www.loc.gov/MARC21/slim http://www.loc.gov/standards/marcxml/schema/MARC21slim.xsd"
    xmlns="http://www.loc.gov/MARC21/slim">

  <leader>00958nam a22001937a 4500</leader>
  <controlfield tag="005">20240409102817.0</controlfield>
  <datafield tag="010" ind1=" " ind2=" ">
    <subfield code="a">HIN-127279</subfield>
  </datafield>
  <datafield tag="020" ind1=" " ind2=" ">
    <subfield code="a">9789392228025</subfield>
    <subfield code="c">500.00</subfield>
  </datafield>
  <datafield tag="035" ind1=" " ind2=" ">
    <subfield code="a">HN-99625</subfield>
  </datafield>
  <datafield tag="037" ind1=" " ind2=" ">
    <subfield code="b">DBAD/PUB</subfield>
  </datafield>
  <datafield tag="082" ind1=" " ind2=" ">
    <subfield code="a">808.08</subfield>
  </datafield>
  <datafield tag="100" ind1=" " ind2=" ">
    <subfield code="a">&#x92A;&#x93E;&#x91F;&#x940;&#x932;,&#x91A;&#x928;&#x94D;&#x926;&#x94D;&#x930;&#x915;&#x93E;&#x928;&#x94D;&#x924; </subfield>
    <subfield code="9">64431</subfield>
  </datafield>
  <datafield tag="245" ind1=" " ind2=" ">
    <subfield code="a">&#x938;&#x94D;&#x92E;&#x943;&#x924;&#x93F;&#x92F;&#x94B;&#x902; &#x915;&#x940; &#x930;&#x94B;&#x936;&#x928;&#x940; &#x92E;&#x947;&#x902;/</subfield>
    <subfield code="c">&#x91A;&#x928;&#x94D;&#x926;&#x94D;&#x930;&#x915;&#x93E;&#x928;&#x94D;&#x924; &#x92A;&#x93E;&#x91F;&#x940;&#x932;;&#x917;&#x94B;&#x930;&#x916; &#x925;&#x94B;&#x930;&#x93E;&#x924; </subfield>
  </datafield>
  <datafield tag="260" ind1=" " ind2=" ">
    <subfield code="a"> &#x928;&#x94B;&#x90F;&#x921;&#x93E; (&#x909;&#x924;&#x94D;&#x924;&#x930; &#x92A;&#x94D;&#x930;&#x926;&#x947;&#x936;) </subfield>
    <subfield code="b"> &#x938;&#x947;&#x924;&#x941; &#x92A;&#x94D;&#x930;&#x915;&#x93E;&#x936;&#x928; &#x92A;&#x94D;&#x930;&#x93E;.&#x932;&#x93F;.</subfield>
    <subfield code="c">2022</subfield>
  </datafield>
  <datafield tag="270" ind1=" " ind2=" ">
    <subfield code="a">&#x938;&#x940;-21, &#x938;&#x947;&#x915;&#x94D;&#x91F;&#x930;-65 &#x928;&#x94B;&#x90F;&#x921;&#x93E; (&#x909;&#x924;&#x94D;&#x924;&#x930; &#x92A;&#x94D;&#x930;&#x926;&#x947;&#x936;) 201301</subfield>
    <subfield code="b">&#x909;&#x924;&#x94D;&#x924;&#x930; &#x92A;&#x94D;&#x930;&#x926;&#x947;&#x936;</subfield>
    <subfield code="e">201301</subfield>
  </datafield>
  <datafield tag="300" ind1=" " ind2=" ">
    <subfield code="a">206&#x92A;&#x943;.;</subfield>
    <subfield code="c">21 &#x938;&#x947;&#x92E;&#x940;.(&#x938;&#x91C;&#x93F;&#x932;&#x94D;&#x926;)</subfield>
  </datafield>
  <datafield tag="700" ind1=" " ind2=" ">
    <subfield code="a">&#x925;&#x94B;&#x930;&#x93E;&#x924;,&#x917;&#x94B;&#x930;&#x916; [&#x905;&#x928;&#x941;&#x935;&#x93E;&#x926;&#x915;]</subfield>
    <subfield code="9">64432</subfield>
  </datafield>
  <datafield tag="942" ind1=" " ind2=" ">
    <subfield code="2">ddc</subfield>
    <subfield code="c">HN</subfield>
    <subfield code="h">808.08</subfield>
    <subfield code="m">&#x92A;&#x93E;&#x91F;&#x940;&#x932; </subfield>
  </datafield>
  <datafield tag="999" ind1=" " ind2=" ">
    <subfield code="c">201963</subfield>
    <subfield code="d">201963</subfield>
  </datafield>
  <datafield tag="952" ind1=" " ind2=" ">
    <subfield code="0">0</subfield>
    <subfield code="1">0</subfield>
    <subfield code="4">0</subfield>
    <subfield code="7">0</subfield>
    <subfield code="8">NFIC</subfield>
    <subfield code="a">BN</subfield>
    <subfield code="b">BN</subfield>
    <subfield code="d">2024-04-08</subfield>
    <subfield code="e">DBAD/PUB</subfield>
    <subfield code="g">500.00</subfield>
    <subfield code="l">0</subfield>
    <subfield code="o">808.08 &#x92A;&#x93E;&#x91F;&#x940;&#x932; </subfield>
    <subfield code="p">HN-99625</subfield>
    <subfield code="r">2024-04-08 00:00:00</subfield>
    <subfield code="t">1</subfield>
    <subfield code="v">500.00</subfield>
    <subfield code="w">2024-04-08</subfield>
    <subfield code="y">HN</subfield>
  </datafield>
</record>
